1296 1113 1793 1740 1458 1270 1472 1694 1685 1819 1336 1970 1385 1857 1887 1307 1896 1239 1903 1278 1000 1915 1103 1541 1539 1468 1943 1529 1263 1749 1258 1331 1478 1842 1550 1742 1669 1023 1264 1560 1925 1677 1465 1194 1593 1878 1000 1003 1780 1859 1966 1880 1256 1406 1468 1323 1996 1258 1207 1188 1396 1650 1275 1875 1499 1384 1334 1098 1166 1111 1472 1026 1435 1928 1738 1441 1182 1531 1745 1512 1139 1708 1159 1063 1311 1960 1608 1249 1270 1685 1292 1142 1217 1932 1079 1206 1339 1691 1721 BCNSPRNW ULIB Ver.6.0+V

เปลี่ยนเป็นภาษาไทย

Change to English
 แสดงรายละเอียดบรรณานุกรม
  กลับหน้าหลัก

Brief Record : Get Marc (ISO 2709) : E-mail record : QR code < ปิดหน้าต่าง
LEADER : 00000nam 2200000uu 4500
001    13399113631
003     ULIB
008    111124s2552||||th 000 0 tha d
020    ^a9786115000293
090    ^aนว.^bอ495ป 2552
100 0  ^aอลินน์
245 00 ^aประทีปแสงดาว/^cอลินน์
250    ^aพิมพ์ครั้งที่ 1
260    ^aกรุงเทพฯ :^bพิมพ์คำ,^c2552
300    ^a402 หน้า
710 1  ^aพิมพ์คำ
945    ^p240^l0^i16415
995    ^aกัณชพร
999    ^aใช้งานได้ทุกระบบ
รายการนี้ยังไม่มีแท็ก
คุณยังไม่ได้ล็อกอิน คุณสามารถมีกิจกรรมร่วมกับเว็บไซต์ได้ แต่ต้องล็อกอินก่อน ::
  ล็อกอิน

รายการสื่อสารสนเทศ

ลำดับที่ ประเภท เลขเรียก/บาร์โค้ด สถานที่ สถานะ
1. นวนิยาย
นวนิยาย
นว. อ495ป 2552 ฉ.1 
  Barcode: 16415
ห้องสมุดวิทยาเขตสวรรค์ประชารักษ์
►นวนิยาย
บนชั้น
  ขอยืม

รายการใกล้เคียง
    ผู้แต่ง [อลินน์]

BibComment


ยังไม่เคยถูกคอมเมนท์

คอมเมนท์ทรัพยากรรายการนี้
  คอมเมนท์: ประทีปแสงดาว อลิ..


 Copyright 2026. Bcnsprnw @Library